Bubbles of water; anecdotes of Pakistan navy (Record no. 293573)
[ view plain ]
| 000 -LEADER | |
|---|---|
| fixed length control field | 00361 a2200133 4500 |
| 001 - CONTROL NUMBER | |
| control field | 58500 |
| 082 ## - DEWEY DECIMAL CLASSIFICATION NUMBER | |
| Classification number | 359.0095491 ZAH |
| 090 ## - LOCALLY ASSIGNED LC-TYPE CALL NUMBER (OCLC); LOCAL CALL NUMBER (RLIN) | |
| -- | 35880 |
| -- | 35880 |
| 100 ## - MAIN ENTRY--PERSONAL NAME | |
| Personal name | Zahir Shah Mian, Rear Admiral retd |
| 245 ## - TITLE STATEMENT | |
| Title | Bubbles of water; anecdotes of Pakistan navy |
| 260 ## - PUBLICATION, DISTRIBUTION, ETC. | |
| Place of publication, distribution, etc. | Rawalpindi |
| Name of publisher, distributor, etc. | Army Press |
| Date of publication, distribution, etc. | 2001 |
| 300 ## - PHYSICAL DESCRIPTION | |
| Extent | xviii, 487 |
| 610 ## - SUBJECT ADDED ENTRY--CORPORATE NAME | |
| Corporate name or jurisdiction name as entry element | Pakistan Navy |
| 942 ## - ADDED ENTRY ELEMENTS (KOHA) | |
| Institution code [OBSOLETE] | NUST-CAE |
| Call number prefix | 359.0095491 ZAH |
| Withdrawn status | Lost status | Damaged status | Not for loan | Collection code | Permanent Location | Current Location | Date acquired | Total Checkouts | Full call number | Barcode | Date last seen | Price effective from | Koha item type |
|---|---|---|---|---|---|---|---|---|---|---|---|---|---|
| College of Aeronautical Engineering (CAE) | College of Aeronautical Engineering (CAE) | 04/03/2017 | 359.0095491 ZAH | CAE73622 | 04/05/2017 | 04/05/2017 | Book | ||||||
| College of Aeronautical Engineering (CAE) | College of Aeronautical Engineering (CAE) | 04/03/2017 | 359.0095491 ZAH | CAE76178 | 04/05/2017 | 04/05/2017 | Book | ||||||
| College of Aeronautical Engineering (CAE) | College of Aeronautical Engineering (CAE) | 04/03/2017 | 359.0095491 ZAH | CAE76176 | 04/05/2017 | 04/05/2017 | Book | ||||||
| College of Aeronautical Engineering (CAE) | College of Aeronautical Engineering (CAE) | 04/03/2017 | 359.0095491 ZAH | CAE73623 | 04/05/2017 | 04/05/2017 | Book |
